| 000 | 00728nam a22002297a 4500 | ||
|---|---|---|---|
| 003 | DO-SdBNP | ||
| 005 | 20180213132750.0 | ||
| 008 | 171024b 2016||| |||| 00| 0 spa d | ||
| 020 | _a9789945492743 | ||
| 040 |
_aBPMSU _bspa _cBPMSU |
||
| 082 | 4 |
_axxxxxx _bxxxxxx |
|
| 100 | 1 | _aDeive, Carlos Esteban | |
| 245 | 1 |
_aSherlock Holmes : _by el misterio de los restos de Colón / _cCarlos Esteban Deive |
|
| 260 |
_aSanto Domingo : _bNacional, _c2016. |
||
| 300 |
_a236 p. ; _c23 cm. |
||
| 490 | 1 | _aPremios Nacionales | |
| 585 | _aPremio Nacional de Novela Manuel de Jesús Galván 2015. | ||
| 830 | 0 | _aPremios nacionales | |
| 942 |
_2ddc _cBK |
||
| 945 | _aInventariado, 2018 / BT | ||
| 956 |
_aBTAVAREZ _b10 _d20171024 _fBPMSU _h0038 |
||
| 999 |
_c12684 _d12684 |
||